LEADER 01091nam a2200265 i 4500 001 000000176566 003 CaOOAMICUS 005 20081211000000.0 008 081211s1973 it u000 u ita u 013 $a154055 040 $aSeMil$bita 100 1 $aBaracco, Lino.$0(OLS)http://semarc/name/28234 245 14$aUna missione nuova :$bproposte per una spiritualitą degli anziani /$cLino Baracco. 260 $aMilano :$bO.R.,$c1973. 300 $a122 p. ;$c22 cm. 490 0 $aTemi spirituali ;$v5 500 $aDono di don Romano Martinelli. 650 4$aSpiritualitą.$0(OLS)http://semarc/subject/5428 650 4$aVita cristiana - Anziani.$0(OLS)http://semarc/subject/20917 830 0$aTemi spirituali ;$v5.$0(OLS)http://semarc/title/7456 850 $aSeMil 852 $aSeMil$W1$xVenegono$y1$m2F IV 5$j127386$B127386$CSeMilBibl$Z2$F137787 $81 961 $aOmaggio: Martinelli don Romano 996 $6245$aUna missione nuova :$bproposte per una spiritualitą degli anziani$9(OLS)http://semarc/title/253469 996 $6260$aMilano :$bO.R.$9(OLS)http://semarc/publisher/29789 LEADER 01078nam a2200217 i 4500 001 000000066026 003 CaOOAMICUS 005 20100212000000.0 008 100212s1984 it u000 u ita u 013 $a37198 040 $aSeMil$bita 100 1 $aLorenzo : da Fara.$0(OLS)http://semarc/name/16622 245 10$aDialoghi con la madre :$bper ogni dell'anno. Proposti da queste voci : Concilio Vaticano 2., Pio 12., Giovanni 23., Paolo 6., Giovanni Paolo 2. /$cLorenzo da Fara. 260 $aTerraglione di Vigordarzere (PD) :$bCarroccio,$c1984. 300 $a494 p. ;$c20 cm. 650 4$aMadonna - Meditazioni.$0(OLS)http://semarc/subject/920 850 $aSeMil 852 $aSeMil$W1$xVenegono$y1$m3F V 691$j32179$B32179$CSeMilBibl$Z2$F32182 $81 961 $aOmaggio: Donazione 996 $6245$aDialoghi con la madre :$bper ogni dell'anno. Proposti da queste voci : Concilio Vaticano 2., Pio 12., Giovanni 23., Paolo 6., Giovanni Paolo 2.$9(OLS)http://semarc/title/104907 996 $6260$aTerraglione di Vigordarzere (PD) :$bCarroccio$9(OLS)http://semarc/publisher/39756